• Polito

di Personal Name

Records bibliografici associati: 1

001 - CONTROL NUMBER

  • control field: 12968

003 - CONTROL NUMBER IDENTIFIER

  • control field: IT-RoPau

005 - DATE AND TIME OF LATEST TRANSACTION

  • control field: 20140212095727.0

008 - FIXED-LENGTH DATA ELEMENTS

  • fixed length control field: 140212|| aca||aabn | a|a d

040 ## - CATALOGING SOURCE

  • Original cataloging agency: IT-RoPau
  • Transcribing agency: IT-RoPau

100 ## - HEADING--PERSONAL NAME

  • Personal name: Polito
  • Miscellaneous information: Codice autore musica SPICS: 13987
  • Relator term: Autore musica
  • Name of part/section of a work: Se bruciasse la città - Rita - Per una donna - L'amore è un attimo - Erba di casa mia - Vent'anni - Rose rosse

670 ## - SOURCE DATA FOUND

  • Source citation: Work cat.: (IT-RoPau)100022: AA.VV. 794, Meglio di Massimo Ranieri (Il)
CREDITS: SOCIETA' SAN PAOLO Via A.Severo, 58 - ROMA (RM) & PERIODICI SAN PAOLO SRL Via Giotto, 36 MILANO & CISF Via Giotto, 36 MILANO & EDIZIONI SAN PAOLO SRL,  Piazza Soncino, 5 CINISELLO BALSAMO (MI) -- ITALY